| 000 | 00640nam a2200193Ia 4500 | ||
|---|---|---|---|
| 008 | 090201s9999 xx 000 0 und d | ||
| 010 | _aKPL-73206 | ||
| 040 | _bमराठी | ||
| 041 | _aमराठी | ||
| 082 |
_a53686 _b73206 |
||
| 100 | _aप्र. के. घाणेकर | ||
| 245 |
_a"भटकंती, रायगड जिल्हयाची" _cप्र. के. घाणेकर |
||
| 250 | _a1 | ||
| 260 |
_c2007 _bस्नेहल प्रकाशन |
||
| 300 | _a368 | ||
| 300 | _bमध्यम | ||
| 600 | _a"भटकंती, रायगड जिल्हयाची" | ||
| 942 | _cBOOK | ||
| 999 |
_c250108 _d250108 |
||